00718nam a22001817a 4500003000800000008004100008037000800049040003500057041000800092080001100100100003700111245015800148260009500306300001800401650003500419655002200454710006000476BI-BuBU260317b2025 b fr|||| 000 0 fre d bdon aBI-BuBUbfrecBI-BuBUdBI-BuBU0 afre a336.761 4Aut.aNtawiratsa, Rédémpteur10aCours d'ingenierie financière et marchés des capitauxbvolume horaire : 45h (cours magistral :30,travaux dirigés : 15 )c Rédémpteur Ntawiratsa aBujumburabUniversité du Burundi, Faculté des Sciences economiques et de gestionc2025 a56 p.c30 cm. 72BI-BuBUamarché des capitaux 72BI-BuBUasyllabus 4aut.a Faculté des Sciences economiques et de gestion